La Colonie d'essai du Val-d'Yèvre et la théorie de l'amendement de l'enfant par la terre et de la terre par l'enfant / (Record no. 160949)

MARC details
000 -LEADER
campo de control de longitud fija 00847nam a2200169 i 4500
001 - NÚMERO DE CONTROL
campo de control 160949
003 - IDENTIFICADOR DE NÚMERO DE CONTROL
campo de control ES-MaACL
005 - FECHA Y HORA DE LA ÚLTIMA TRANSACCIÓN
campo de control 20240710063032.0
008 - DATOS DE LONGITUD FIJA--INFORMACIÓN GENERAL
campo de control de longitud fija 041006s1878 fr |||| | fre d
100 1# - ENTRADA PRINCIPAL--NOMBRE DE PERSONA
Nombre de persona Olivecrona, Knut,
Fechas asociadas al nombre 1817-1905
9 (RLIN) 166991
245 13 - MENCIÓN DEL TÍTULO
Título La Colonie d'essai du Val-d'Yèvre et la théorie de l'amendement de l'enfant par la terre et de la terre par l'enfant /
Mención de responsabilidad, etc. par K. d'Olivecrona.
260 ## - PUBLICACIÓN, DISTRIBUCIÓN, ETC.
Lugar de publicación, distribución, etc. Paris :
Nombre del editor, distribuidor, etc. Guillaumin & C. :
-- A. Durand & Pedone-Lauriel,
Fecha de publicación, distribución, etc. 1878.
300 ## - DESCRIPCIÓN FÍSICA
Extensión 64 p. ;
Dimensiones 21 cm.
650 #4 - PUNTO DE ACCESO ADICIONAL DE MATERIA--TÉRMINO DE MATERIA
Término de materia o nombre geográfico como elemento de entrada Jóvenes delincuentes-
Subdivisión general Rehabilitación-
Subdivisión geográfica Francia.
9 (RLIN) 143337
852 ## - LOCALIZACIÓN
Ubicación ES-MaACL
Número de control de estantería D-258(2)
Nota libre - Enc. en un vol. facticio, formando parte de la colección facticia "Estudios penitenciarios". Este v. lleva el tít.: Educación correccional de la juventud
-- . - Donativo Lastres
Holdings
Estatus retirado Estado de pérdida Estado de daño No para préstamo Colección Biblioteca de origen Biblioteca actual Ubicación en estantería Fecha de adquisición Fuente de adquisición Total de préstamos Signatura topográfica completa Código de barras Visto por última vez Precio de reemplazo Tipo de ítem Koha
        Libros del s. XIX Biblioteca del Ateneo de Madrid Biblioteca del Ateneo de Madrid Sala Valle Inclán 17/01/2008     D-258(2) 901168556 23/02/2023 23/02/2023 Libro impreso antiguo